Premiers Ministres les plus éphémères - Statistiques

Statistiques générales
  • Ce quiz a été pris 97 fois
  • Le résultat moyen est 8 sur 10
Statistiques - réponses
Durée de la fonction Premier Ministre % Correct
10 mois et 17 jours Edith Cresson
94%
1 an,8 mois et 3 jours Laurent Fabius
84%
5 mois* Bernard Cazeneuve
82%
1 an,10 mois et 16 jours Jean-Marc Ayrault
81%
11 mois et 27 jours Pierre Bérégovoy
79%
2 ans et 15 jours Alain Juppé
76%
2 ans,1 mois et 12 jours Edouard Balladur
75%
1 an,11 mois et 14 jours Dominique de Villepin
74%
11 mois et 11 jours Maurice Couve de Murville
58%
1 an,10 mois et 22 jours Pierre Messmer
49%
Aucun quiz correspondant
Distribution des résultats
% des personnes avec chaque résultat
Percentile par nombre de réponses
Votre historique - résultats
Vous n’avez pas pris ce quiz